000 02270nam0a2200349 i 4500
001 RU\NLR\BIBL_A\010666576
005 20260409065603.0
010 _a9785904029494
_9500
021 _aRU
_b2014-92848
_95642
035 _a(NLR Aleph) 010666576
090 _a9587737
_c9587737
100 _a20150205d2014 m y0rusy50 ba
101 0 _arus
_aeng
102 _aRU
105 _ay j 000yy
200 1 _aModern American English phrasal verbs and idioms
_eпрактика перевода фразеологических единиц
_eучебное пособие по переводу
_fФедер. гос. образоват. бюджет. учреждение высш. проф. образования Поволж. гос. ун-т телекоммуникаций и информатики
_gсост.: д.филол.н. Абрамов В.Е.
_zeng
210 _aСамара
_cУИНЛ ПГУТИ
_d2014
215 _a75 с.
_d20
320 _aБиблиогр.: с. 74
517 1 _aПрактика перевода фразеологических единиц
606 _aАнглийский язык
_jУчебные издания для высших учебных заведений
_xФразовые глаголы
_9972682
_3RU\NLR\AUTH\6646226
606 1 _aАнглийский язык
_jУчебные издания для высших учебных заведений
_xФразеология
_9972520
_3RU\NLR\AUTH\6646138
606 _aАнглийский язык
_xНациональные варианты
_yСоединенные Штаты Америки
_jУчебные издания для высших учебных заведений
_3RU\NLR\AUTH\6645287
_9970863
686 1 _aШ143.21-93рус3-212.6
686 1 _aШ143.21-93рус3-33
686 1 _aШ143.21-93рус3-54
702 1 _4220
_8rus
_7ca
_aАбрамов
_bВ. Е.
_cд-р филол. наук
_f1951-
_gВладимир Евгеньевич
_3RU\NLR\AUTH\77117230
_9100155
712 0 2 _4570
_aПоволжский государственный университет телекоммуникаций и информатики
_cСамара
_3RU\NLR\AUTH\8810154647
_9804579
942 _cBOOK
980 _aNBR